|
|
|
|
| LEADER |
01241nam a2200289 a 4500 |
| 001 |
12228072 |
| 008 |
100502s2000 bg b b 100 0 eng d |
| 010 |
|
|
|a 00372398
|
| 020 |
|
|
|a 9840515462
|
| 040 |
|
|
|a DLC
|c DLC
|d BD-DhAAL
|
| 082 |
0 |
0 |
|a 363.34/93/095492
|2 21
|
| 245 |
0 |
0 |
|a Perspectives on flood 1998 /
|c edited by Qazi Kholiquzzaman Ahmad ... [et al.].
|
| 246 |
3 |
0 |
|a Flood 1998
|
| 260 |
|
|
|a Dhaka :
|b The University Press,
|c 2000.
|
| 300 |
|
|
|a xi, 142 p. :
|b maps ;
|c 22 cm.
|
| 520 |
|
|
|a Contributed articles presented at a seminar in 1998.
|
| 504 |
|
|
|a Includes bibliographical references.
|
| 541 |
1 |
|
|e 00007572
|
| 650 |
|
0 |
|a Floods
|z Bangladesh.
|
| 650 |
|
0 |
|a Flood damage
|z Bangladesh.
|
| 650 |
|
0 |
|a Disaster relief
|z Bangladesh.
|
| 650 |
|
0 |
|a Flood control
|z Bangladesh.
|
| 700 |
1 |
|
|a Ahmad, Qazi Kholiquzzaman,
|d 1943-
|
| 852 |
4 |
|
|a Ayesha Abed Library
|j General shelf
|
| 999 |
|
|
|c 8363
|d 8363
|
| 952 |
|
|
|0 0
|1 0
|2 ddc
|4 0
|6 363_349309549200000_PER_2000
|7 0
|9 9696
|a BRACUL
|b BRACUL
|c GEN
|d 2010-05-04
|l 0
|o 363.3493095492 PER
|p 3010007572
|r 2010-05-04
|t 1
|w 2010-05-04
|y BK
|
| 952 |
|
|
|0 0
|1 0
|2 ddc
|4 0
|6 363_349309549200000_PER_2000
|7 0
|9 9705
|a BRACUL
|b BRACUL
|c GEN
|d 2010-05-04
|l 3
|m 16
|o 363.3493095492 PER
|p 3010014734
|r 2018-11-19
|s 2018-09-30
|t 2
|w 2010-05-04
|y BK
|